Psicología del ritmo
Wedi'i Gadw mewn:
| Prif Awdur: | |
|---|---|
| Fformat: | Llyfr |
| Iaith: | Sbaeneg |
| Cyhoeddwyd: |
Madrid
Morata
1976
|
| Cyfres: | Filosofía, Psicología, Pedagogía
|
| Pynciau: | |
| Tagiau: |
Ychwanegu Tag
Dim Tagiau, Byddwch y cyntaf i dagio'r cofnod hwn!
|
MARC
| LEADER | 00000nam a2200000 a 4500 | ||
|---|---|---|---|
| 001 | UCY4893 | ||
| 003 | CL-VaPUC | ||
| 008 | 950405e19760000SP |||||||||||||||||spa|d | ||
| 082 | 0 | 4 | |a 153.753 |b FRA |2 21 |
| 100 | 0 | |a Fraisse, Paul |e author |9 333413 | |
| 245 | 1 | 0 | |a Psicología del ritmo |
| 300 | |a 230 p | ||
| 942 | |c BK | ||
| 945 | |d 19950405 00:00:00 |a rbrito | ||
| 260 | |a Madrid |b Morata |c 1976 | ||
| 650 | 0 | |a Psicología aplicada |9 270762 | |
| 650 | 0 | |a Movimiento |9 322237 | |
| 650 | 0 | |a Ritmo |9 306417 | |
| 583 | |a last modification |c 20130102 10:09:20 |k Rodrigo Vera | ||
| 490 | 0 | |a Filosofía, Psicología, Pedagogía | |
| 999 | |c 232643 |d 232641 | ||
| 952 | |0 0 |1 0 |4 0 |6 153_753000000000000_FRA_1976 |7 0 |8 P |9 237417 |a BIBEDU |b BIBEDU |c BIBEDU_PB |d 2019-11-15 |i 307241K |o 153.753 FRA 1976 |p 307241K |r 2024-01-25 |w 2019-11-15 |y BK |k EDU | ||